1353 1465 1673 1684 1726 1581 1721 1468 1273 1412 1765 1233 1500 1285 1736 1750 1268 1450 1272 1513 1151 1713 1048 1226 1895 1955 1995 1458 1303 1132 1964 1128 1096 1173 1712 1366 1781 1735 1259 1149 1601 1814 1293 1090 1015 1635 1103 1211 1340 1568 1070 1916 1012 1681 1612 1424 1935 1809 1510 1824 1120 1504 1220 1424 1099 1613 1927 1021 1179 1209 1532 1004 1871 1694 1712 1906 1976 1056 1123 1757 1473 1392 1899 1338 1115 1869 1180 1114 1686 1432 1325 1230 1747 1497 1768 1093 1624 1641 1900 BCNSPRNW ULIB Ver.6.0+V

เปลี่ยนเป็นภาษาไทย

Change to English
 แสดงรายละเอียดบรรณานุกรม
  กลับหน้าหลัก

Brief Record : Get Marc (ISO 2709) : E-mail record : QR code < ปิดหน้าต่าง
LEADER : 00000nam 2200000uu 4500
001    13399126224
003     ULIB
008    180808s||||||||th 000 0 tha d
020    ^a9789748818139
060  4 ^aWY18.2^bว585ส
110 1  ^aวิทยาลัยพยาบาลเครือข่ายภาคกลาง
245 00 ^aสาระทบทวน วิชา การพยาบาลอนามัยชุมชนและการรักษาพยาบาลขั้นต้น/^cวิทยาลัยพยาบาลเครือข่ายภาคกลาง
250    ^aพิมพ์ครั้งที่ 3
260    ^aกรุงเทพฯ:^bวิทยาลัยพยาบาลเครือข่ายภาคกลาง,^c2549
300    ^a140
650  7 ^aการพยาบาลอนามัยชุมชนและการรักษาพยาบาลขั้นต้น^xคำถามและคำตอบ
945    ^p0^l0^i020247
945    ^p0^l0^i020248
945    ^p0^l0^i020249
945    ^p0^l0^i020250
945    ^p0^l0^i020253
945    ^p0^l0^i020251
945    ^p0^l0^i020252
995    ^aณรีรัตน์
999 ^a 2549ใช้งานได้ทุกระบบ
รายการนี้ยังไม่มีแท็ก
คุณยังไม่ได้ล็อกอิน คุณสามารถมีกิจกรรมร่วมกับเว็บไซต์ได้ แต่ต้องล็อกอินก่อน ::
  ล็อกอิน

รายการสื่อสารสนเทศ

ลำดับที่ ประเภท เลขเรียก/บาร์โค้ด สถานที่ สถานะ
1. การศึกษาทั่วไป
การศึกษาทั่วไป
WY18.2 ว585ส ฉ.1 
  Barcode: 020247
ห้องสมุดวิทยาเขตสวรรค์ประชารักษ์
►หนังสือทั่วไป
บนชั้น
2. การศึกษาทั่วไป
การศึกษาทั่วไป
WY18.2 ว585ส ฉ.2 
  Barcode: 020248
ห้องสมุดวิทยาเขตสวรรค์ประชารักษ์
►หนังสือทั่วไป
บนชั้น
3. การศึกษาทั่วไป
การศึกษาทั่วไป
WY18.2 ว585ส ฉ.3 
  Barcode: 020249
ห้องสมุดวิทยาเขตสวรรค์ประชารักษ์
►หนังสือทั่วไป
บนชั้น
4. การศึกษาทั่วไป
การศึกษาทั่วไป
WY18.2 ว585ส ฉ.4 
  Barcode: 020250
ห้องสมุดวิทยาเขตสวรรค์ประชารักษ์
►หนังสือทั่วไป
บนชั้น
5. การศึกษาทั่วไป
การศึกษาทั่วไป
WY18.2 ว585ส ฉ.5 
  Barcode: 020251
ห้องสมุดวิทยาเขตสวรรค์ประชารักษ์
►หนังสือทั่วไป
บนชั้น
6. การศึกษาทั่วไป
การศึกษาทั่วไป
WY18.2 ว585ส ฉ.6 
  Barcode: 020252
ห้องสมุดวิทยาเขตสวรรค์ประชารักษ์
►หนังสือทั่วไป
บนชั้น
7. การศึกษาทั่วไป
การศึกษาทั่วไป
WY18.2 ว585ส ฉ.7 
  Barcode: 020253
ห้องสมุดวิทยาเขตสวรรค์ประชารักษ์
►หนังสือทั่วไป
บนชั้น

BibComment


ยังไม่เคยถูกคอมเมนท์

คอมเมนท์ทรัพยากรรายการนี้
  คอมเมนท์: สาระทบทวน วิชา ก..


 Copyright 2026. Bcnsprnw @Library